Welcome to CU Library Online Public Access Catalogue (OPAC)

The Gospel according to John / (Record no. 6998)

MARC details
000 -LEADER
fixed length control field 00752pam a2200205 a 4500
001 - CONTROL NUMBER
control field 4834030
005 - DATE AND TIME OF LATEST TRANSACTION
control field 20250716152810.0
008 - FIXED-LENGTH DATA ELEMENTS--GENERAL INFORMATION
fixed length control field 901031s1991 enk b 001 0 eng
020 ## - INTERNATIONAL STANDARD BOOK NUMBER
International Standard Book Number 0802836836
020 ## - INTERNATIONAL STANDARD BOOK NUMBER
International Standard Book Number 9780802836830
050 00 - LIBRARY OF CONGRESS CALL NUMBER
Classification number BS2615.3
Item number .C357 1991
082 00 - DEWEY DECIMAL CLASSIFICATION NUMBER
Classification number 226.5/07
Edition information 20
100 1# - MAIN ENTRY--PERSONAL NAME
Personal name Carson, D. A.
245 14 - TITLE STATEMENT
Title The Gospel according to John /
Statement of responsibility, etc. D.A. Carson.
260 ## - PUBLICATION, DISTRIBUTION, ETC.
Place of publication, distribution, etc. Leicester, England :
Name of publisher, distributor, etc. Inter-Varsity Press ;
Place of publication, distribution, etc. Grand Rapids, Mich. :
Name of publisher, distributor, etc. W.B. Eerdmans,
Date of publication, distribution, etc. 1991.
300 ## - PHYSICAL DESCRIPTION
Extent 715 p. ;
Dimensions 24 cm.
856 42 - ELECTRONIC LOCATION AND ACCESS
Materials specified Contributor biographical information
Uniform Resource Identifier <a href="http://www.loc.gov/catdir/enhancements/fy1606/90023382-b.html">http://www.loc.gov/catdir/enhancements/fy1606/90023382-b.html</a>
856 42 - ELECTRONIC LOCATION AND ACCESS
Materials specified Publisher description
Uniform Resource Identifier <a href="http://www.loc.gov/catdir/enhancements/fy1606/90023382-d.html">http://www.loc.gov/catdir/enhancements/fy1606/90023382-d.html</a>
942 ## - ADDED ENTRY ELEMENTS (KOHA)
Source of classification or shelving scheme Library of Congress Classification
Koha item type Books
Suppress in OPAC No
999 ## -
-- 6998
-- 6998
Holdings
Withdrawn status Lost status Source of classification or shelving scheme Damaged status Not for loan Collection Home library Current library Shelving location Date acquired Total checkouts Full call number Barcode Date last seen Copy number Price effective from Koha item type
    Library of Congress Classification     Non-fiction Undergraduate Library (Christ Temple) Undergraduate Library (Christ Temple) General stacks 07/16/2025   BS 2615.3 CAR ulct00003892 07/16/2025 1 07/16/2025 Books
© 2023-2024 Copyright: Central University Libraries. All Rights Reserved | Created by: Mahone Tech Office